Aplikácia vybraných statických a dynamických metód v kapitálovom rozpočtovaní podniku

Kapitálové rozpočtovanie (capital budgeting) a alternatívne kapitálové plánovanie v domácej a zahraničnej literatúre. Hlavná činnosť kapitálového rozpočtovania.

Enregistré dans:
Détails bibliographiques
Auteur principal: Markovič, Peter, 1974-
Autres auteurs: Šinský, Michal
Format: Chapitre de livre
Langue:slovaque
Sujets:
Tags: Ajouter un tag
Pas de tags, Soyez le premier à ajouter un tag!

MARC

LEADER 00000naa a2200000 4500
001 0136165
005 20240408101348.9
041 0 |a slo 
044 |a SK 
245 1 0 |a Aplikácia vybraných statických a dynamických metód v kapitálovom rozpočtovaní podniku  |c Peter Markovič, Michal Šinský 
520 |a Kapitálové rozpočtovanie (capital budgeting) a alternatívne kapitálové plánovanie v domácej a zahraničnej literatúre. Hlavná činnosť kapitálového rozpočtovania. 
610 2 0 |a rozpočtovanie 
610 2 0 |a rozpočet kapitálový 
610 2 0 |a rozhodovanie finančné 
610 2 0 |a plánovanie finančné 
100 1 |a Markovič, Peter, 1974- 
700 1 |a Šinský, Michal